Licences Présentes dans Super Smash Bros. Ultimate - Statistiques

Statistiques générales
  • Ce quiz a été pris 731 fois
    518 depuis la dernière actualisation
  • Le résultat moyen est 25 sur 40
Statistiques - réponses
Nombre de
Combattants
Licence % Correct
9 Super Mario
94%
8 Pokémon
92%
6 The Legend Of Zelda
87%
7 Fire Emblem
86%
3 Donkey Kong
83%
3 Kirby
83%
4 Metroid
81%
2 Final Fantasy
75%
2 Street Fighter
73%
1 Minecraft
72%
1 Sonic
72%
3 Starfox
68%
2 Animal Crossing
66%
3 Xenoblade Chronicles
66%
1 Pac Man
64%
3 Kid Icarus
63%
1 Metal Gear
63%
1 Bayonetta
59%
2 EarthBound
59%
3 Mii
59%
1 Pikmin
59%
1 Tekken
59%
1 Kingdom Hearts
58%
1 Persona
58%
1 Yoshi
58%
1 Game & Watch
57%
1 Arms
56%
1 Mega Man
56%
1 Wii Fit
56%
1 F-Zero
55%
2 Castlevania
54%
1 R.O.B.
54%
1 Banjo Kazooie
52%
1 Splatoon
51%
1 Ice Climbers
49%
1 WarioWare
49%
1 Dragon Quest
47%
1 Duck Hunt
47%
1 Fatal Fury
42%
1 Punch Out
41%
Aucun quiz correspondant
Distribution des résultats
% des personnes avec chaque résultat
Percentile par nombre de réponses
Votre historique - résultats
Vous n’avez pas pris ce quiz depuis la dernière actualisation